| 000 | 00836nam a22001937a 4500 | ||
|---|---|---|---|
| 003 | NUST | ||
| 005 | 20240219124410.0 | ||
| 008 | 230215b ||||| |||| 00| 0 eng d | ||
| 020 | _a0750306920 | ||
| 040 | _a0 | ||
| 082 | _a515.2433,ADD | ||
| 100 |
_aAddison, Paul S. _9120713 |
||
| 245 |
_aThe Illustrated Wavelet Transforms Handbook : _bIntrodctory Theory and Applications in Science, Engineering, Medicine and Finance / _cPaul S. Addison |
||
| 260 |
_aUSA _bIOP _c2002 |
||
| 300 | _axiiii, 353 p | ||
| 505 | _aGetting started (Page-1), The continuous transform (Page-6), The discrete transform (Page-65), Fluids (Page-144), Engineering testing, monitoring and characterization (Page-189), Medicine (Page-230), Fractals, finace, geophysics and other areas (Page-278). | ||
| 650 |
_aWavelet Transforms _9109067 |
||
| 942 |
_2ddc _cBK |
||
| 999 |
_c593283 _d593283 |
||